Construction of river crossings (Record no. 110937)

MARC details
000 -LEADER
fixed length control field 01032cad a22002175a 4500
001 - CONTROL NUMBER
control field E150648
008 - FIXED-LENGTH DATA ELEMENTS--GENERAL INFORMATION
fixed length control field 100806s2008 xxk f 000 0 eng d
035 ## - SYSTEM CONTROL NUMBER
System control number (Sirsi) u150648
041 0# - LANGUAGE CODE
Language code of text/sound track or separate title eng
110 2# - MAIN ENTRY--CORPORATE NAME
Corporate name or jurisdiction name as entry element Scottish Environment Protection Agency
9 (RLIN) 3523
245 00 - TITLE STATEMENT
Title Construction of river crossings
Medium [electronic resource]
260 ## - PUBLICATION, DISTRIBUTION, ETC.
Place of publication, distribution, etc. [S.l.]
Name of publisher, distributor, etc. SEPA
Date of publication, distribution, etc. 2008
490 #0 - SERIES STATEMENT
Series statement Engineering in the Water Environment Good Practice Guide
520 ## - SUMMARY, ETC.
Summary, etc. Sets out guidance on which will assist those intending to obtain an authorisation for works under the Water Environment (Controlled Activities) (Scotland) Regulations 2005.
590 ## - LOCAL NOTE (RLIN)
Local note KA
650 24 - SUBJECT ADDED ENTRY--TOPICAL TERM
Topical term or geographic name entry element WATER ENVIRONMENT (CONTROLLED ACTIVITIES) (SCOTLAND) REGULATIONS 2005
651 #4 - SUBJECT ADDED ENTRY--GEOGRAPHIC NAME
Geographic name Scotland
Chronological subdivision 1999-
690 ## - LOCAL SUBJECT ADDED ENTRY--TOPICAL TERM (OCLC, RLIN)
Topical term or geographic name as entry element ENVIRONMENTAL AND LAND CONSULTANCY-WATER RESOURCE MANAGEMENT
856 40 - ELECTRONIC LOCATION AND ACCESS
Uniform Resource Identifier <a href="https://www.sepa.org.uk/water/water_regulation/guidance/idoc.ashx?docid=813bf507-416f-4186-96d1-7ea4f963884f&version=-1">https://www.sepa.org.uk/water/water_regulation/guidance/idoc.ashx?docid=813bf507-416f-4186-96d1-7ea4f963884f&version=-1</a>
Public note View the guidance free of charge at www.sepa.org.uk
942 ## - ADDED ENTRY ELEMENTS (KOHA)
Suppress in OPAC 0
Holdings
Withdrawn status Lost status Source of classification or shelving scheme Damaged status Not for loan Home library Current library Shelving location Date acquired Total Checkouts Full call number Barcode Date last seen Copy number Price effective from Koha item type
    Dewey Decimal Classification     Virtual Virtual Online 06/08/2010   ONLINE PUBLICATION 150648-2001 06/08/2019 1 06/08/2019 Book